000 00409cam a2200181 4500
001 D12421
008 090401t1959 xxu||||| |||| 00| 0 eng d
035 _a(Sirsi) u3389
041 _aeng
100 _aClendinning, James
245 4 _aThe principles of surveying
250 _a2nd
260 _aLondon
_bBlackie & Son
_c1959
350 _a0
520 _aShelf 177
942 _n0
948 _c04/03/1997
999 _c85877
_d85877